000
00300nam a22001337a 4500
008
170925b xxu||||| |||| 00| 0 eng d
020
_a
9780807741597
041
_a
eng
080
_a
37
100
_a
46
101
_a
EDU
245
_a
CHILDREN WITH SPECIAL NEEDS
_c
KOSTELNIK, M.J
942
_2
udc
_c
BK
999
_c
29700
_d
29700